Kashful muani wa al-bayan an rasail badie azzaman (Record no. 1465880)
[ view plain ]
| 000 -LEADER | |
|---|---|
| fixed length control field | 00755 a2200229 4500 |
| 005 - DATE AND TIME OF LATEST TRANSACTION | |
| control field | 20260209123140.0 |
| 008 - FIXED-LENGTH DATA ELEMENTS--GENERAL INFORMATION | |
| fixed length control field | 260209b |||||||| |||| 00| 0 eng d |
| 020 ## - INTERNATIONAL STANDARD BOOK NUMBER | |
| International Standard Book Number | 9789772974979 (hbk) |
| 037 ## - SOURCE OF ACQUISITION | |
| Terms of availability | TB |
| 040 ## - CATALOGING SOURCE | |
| Original cataloging agency | CRL |
| Transcribing agency | CRL |
| 041 ## - LANGUAGE CODE | |
| Source of code | ARB |
| Language code of text/sound track or separate title | ARB |
| 084 ## - COLON CLASSIFICATION NUMBER | |
| Classification number | O28,4:g Q2 |
| Item number | CRL |
| 100 ## - MAIN ENTRY--PERSONAL NAME | |
| Personal name | Tarabalsi, Ibraheem Ufnadi |
| 9 (RLIN) | 854258 |
| 245 ## - TITLE STATEMENT | |
| Title | Kashful muani wa al-bayan an rasail badie azzaman |
| 260 ## - PUBLICATION, DISTRIBUTION, ETC. | |
| Place of publication, distribution, etc. | Cairo, Egypt: |
| Name of publisher, distributor, etc. | Darul fazilat, |
| Date of publication, distribution, etc. | 2012. |
| 300 ## - PHYSICAL DESCRIPTION | |
| Extent | 545p. |
| 365 ## - TRADE PRICE | |
| Price amount | 1440.00 |
| Currency code | INR |
| 650 ## - SUBJECT ADDED ENTRY--TOPICAL TERM | |
| Topical term or geographic name entry element | Arabic Literature |
| 9 (RLIN) | 1114579 |
| 650 ## - SUBJECT ADDED ENTRY--TOPICAL TERM | |
| Topical term or geographic name entry element | Arabic Letters |
| 9 (RLIN) | 1114580 |
| 942 ## - ADDED ENTRY ELEMENTS (KOHA) | |
| Koha item type | Textbook |
| Source of classification or shelving scheme | Colon Classification (CC) |
| Suppress in OPAC | No |
| Classification part | O28,4:g Q2 |
| Withdrawn status | Lost status | Source of classification or shelving scheme | Damaged status | Not for loan | Home library | Current library | Date acquired | Source of acquisition | Cost, normal purchase price | Inventory number | Total Checkouts | Full call number | Barcode | Date last seen | Cost, replacement price | Price effective from | Koha item type |
|---|---|---|---|---|---|---|---|---|---|---|---|---|---|---|---|---|---|
| Colon Classification (CC) | Central Library | Central Library | 2025-12-30 | Nadwi Publications | 1440.00 | 2020 & 29.12.2025 | O28,4:g Q2 | CL1925084 | 2025-12-30 | 1800.00 | 2025-12-30 | Textbook |
